| 000 | 01363njm a2200313 i 4500 | ||
|---|---|---|---|
| 001 | 4950 | ||
| 003 | ES-MaACL | ||
| 005 | 20260320134354.0 | ||
| 007 | s|r||||||||||| | ||
| 008 | 070903s1983 sp ||| g ||||||||1|nspa d | ||
| 245 | 0 | 0 |
_aMesa redonda sobre "Mujer y literatura" _h[Grabación sonora] / _cintervienen Clara Janés, Pilar Palomo, Marta Portal, Fany Rubio y Hortensia Viñes ; moderadora Mabel Pérez-Serrano. |
| 260 |
_aMadrid : _bAteneo de Madrid, _c1983. |
||
| 300 |
_a2 discos (CD-DA) (1 h. 29 min. 43 seg.) ; _c12 cm. |
||
| 500 | _aDatos basados en la invitación. | ||
| 518 | _aActo organizado por el Aula de la Mujer del Ateneo de Madrid, grabado en el salón de actos el miércoles 26 de enero de 1983, a las 20:00 h. | ||
| 610 | 2 | 4 |
_aAteneo de Madrid- _xActos culturales- _y1983- _vGrabaciones sonoras. _91897 |
| 650 | 1 | 4 |
_aMujeres- _xCreatividad. _915262 |
| 700 | 1 |
_aJanés, Clara _966012 |
|
| 700 | 1 |
_aPalomo, María del Pilar, _d1933- _9144616 |
|
| 700 | 1 |
_aPortal, Marta. _993192 |
|
| 700 | 1 |
_aRubio, Fanny, _d1949- _9100343 |
|
| 700 | 1 |
_aViñes, Hortensia. _9115391 |
|
| 700 | 1 |
_aPérez-Serrano, Mabel, _d1935-2007 _991159 |
|
| 710 | 2 |
_aAteneo de Madrid. _bAula de la Mujer. _91939 |
|
| 852 |
_aES-MaACL _jROT 5/4/7 _95067 _cROT |
||
| 852 |
_aES-MaACL _jROT 5/4/8 _9203642 _cROT |
||
| 942 | _2udc | ||
| 999 |
_c4950 _d4950 |
||